000 00338nam a2200145Ia 4500
005 20251222153522.0
008 251222s9999||||xx |||||||||||||| ||spa||
020 _a8479052465
082 _a658.4/G36
100 _aGeneen, Harold
245 0 _aAlta Dirección:
250 _a1ra.ed.
264 _bEdición Euroliber, S.A
942 _cLIB
999 _c29779
_d29779